| 000 | 00523nam a22001817a 4500 | ||
|---|---|---|---|
| 999 |
_c83855 _d83855 |
||
| 005 | 20220211113740.0 | ||
| 010 | _aENG-109829 | ||
| 020 |
_a9789350095744 _c399.00 |
||
| 035 | _aEN-93362 | ||
| 037 | _bDBAD/PUB | ||
| 082 | _aN | ||
| 100 | _aSrinivasan, Raghu | ||
| 245 | 0 | 0 |
_aThe Avatari / _cby Raghu Srinivasan |
| 260 |
_aGurgaon _bHachette Book Publishing _c2014 |
||
| 270 |
_a4th and 5th Floors, Corporate Centre Plot No. 94, Sector 44 _bGurgaon _e122003 |
||
| 300 |
_axi,500p. _c21cm(pbk) |
||
| 942 |
_2ddc _cEN _mSRI _hN |
||